| 000 | 01275cam a2200301 4500 | ||
|---|---|---|---|
| 008 | 020426n2002 000 0 eng u | ||
| 020 | _a1841402222 | ||
| 035 | _a(Sirsi) u117684 | ||
| 041 | _aeng. | ||
| 050 | _a657.833 | ||
| 100 | _aBeddy, M. | ||
| 245 | _aReal estate : an industry accounting and auditing guide | ||
| 250 | _a6th ed. | ||
| 260 |
_aKingston upon Thames _bCroner _c2002 |
||
| 300 |
_axiii,259p. _c24cm. |
||
| 350 | _a70 | ||
| 520 | _aCovers the significant aspects of accounting, auditing and financial reporting for the real estate industry. Considers the current concerns and issues facing the industry and looks at all the latest financial reporting standards affecting real estate. Discusses the accounting treatment and disclosure of the principal assets in the balance sheet., and considers profit and loss items and reporting performance. Also looks at the future of real estate accounting. | ||
| 520 | _aSuperceded by seventh edition. | ||
| 650 | _aMANAGEMENT-BUSINESS MANAGEMENT-FINANCIAL MANAGEMENT-ACCOUNTING | ||
| 650 | _aREAL ESTATE | ||
| 650 | _aPROPERTY INDUSTRY | ||
| 650 | _aPROPERTY COMPANIES | ||
| 650 | _aAUDITING | ||
| 650 | _aFINANCIAL REPORTING | ||
| 690 | _aFINANCE | ||
| 700 | _aMuschamp, R. | ||
| 942 | _n0 | ||
| 999 |
_c102043 _d102043 |
||